Jedes Land der Welt nach Flaggenumriss - Statistiken

Allgemein
  • Dieses Quiz wurde 29.807 mal gespielt
  • Das Durchschnittsergebnis liegt bei 108 aus 196
Antwortstatistiken
Bildquiz Antwort % Korrekt
Australien
99%
China
98%
Vereinigtes Königreich
98%
Vereinigte Staaten
98%
Frankreich
95%
Griechenland
95%
Kanada
95%
Island
93%
Norwegen
93%
Deutschland
91%
Italien
91%
Türkei
91%
Indien
90%
Russland
89%
Spanien
89%
Dänemark
88%
Kroatien
88%
Portugal
88%
Schweiz
88%
Ukraine
88%
Österreich
87%
Neuseeland
86%
Argentinien
85%
Belgien
85%
Chile
85%
Estland
85%
Mexiko
84%
Schweden
84%
Brasilien
83%
Israel
83%
Jamaika
82%
Vietnam
81%
Finnland
78%
Irland
78%
Japan
78%
Indonesien
77%
Nordkorea
77%
Polen
77%
Tschechien
77%
Zypern
77%
Albanien
75%
Malta
75%
Südafrika
75%
Kasachstan
74%
Thailand
74%
Niederlande
73%
Slowakei
73%
Pakistan
71%
Bosnien und Herzegowina
70%
Kuba
70%
Iran
69%
Luxemburg
69%
Panama
69%
Bangladesch
68%
Kolumbien
68%
Kosovo
68%
Lettland
68%
Serbien
68%
Malaysia
67%
Rumänien
67%
Slowenien
67%
Ägypten
66%
Bulgarien
65%
Georgien
65%
Libanon
65%
Philippinen
65%
Saudi-Arabien
65%
Venezuela
65%
Belarus
64%
Marokko
64%
Nordmazedonien
64%
Montenegro
62%
Südkorea
62%
Uruguay
62%
Irak
61%
Katar
61%
Tunesien
61%
Ungarn
61%
Vatikanstadt
60%
Aserbaidschan
59%
Elfenbeinküste
59%
Laos
59%
Moldawien
59%
Nigeria
59%
Peru
59%
Ecuador
58%
Senegal
58%
Syrien
58%
Usbekistan
58%
Algerien
56%
Somalia
56%
Costa Rica
55%
Liechtenstein
54%
San Marino
54%
Singapur
54%
Vereinigte Arabische Emirate
54%
Kamerun
53%
Mongolei
53%
Angola
52%
Armenien
52%
Kenia
52%
Afghanistan
51%
Andorra
51%
Kambodscha
51%
Kirgisistan
51%
Sri Lanka
51%
Taiwan
51%
Bhutan
50%
Ghana
50%
Myanmar
50%
Haiti
49%
Honduras
49%
Mali
49%
Papua-Neuguinea
49%
Demokratische Republik Kongo
48%
Paraguay
48%
Turkmenistan
48%
Uganda
48%
Litauen
46%
Madagaskar
46%
Nepal
46%
Bahamas
43%
Barbados
43%
Eritrea
43%
Monaco
43%
Mosambik
43%
Nicaragua
43%
Äthiopien
42%
Niger
42%
Benin
41%
El Salvador
41%
Malawi
41%
Tadschikistan
41%
Tschad
41%
Burkina Faso
40%
Gabun
40%
Guatemala
40%
Kuwait
40%
Liberia
40%
Brunei
39%
Dominikanische Republik
39%
Jemen
39%
Libyen
39%
Mauretanien
39%
Namibia
39%
Sambia
39%
Zentralafrikanische Republik
39%
Seychellen
38%
Bahrain
37%
Gambia
37%
St. Lucia
37%
Sudan
37%
Togo
37%
Trinidad und Tobago
37%
Botswana
36%
Jordanien
36%
Tansania
36%
Eswatini
35%
Lesotho
35%
Oman
35%
Belize
34%
Guinea
34%
Osttimor
34%
Palau
33%
Republik Kongo
33%
Bolivien
32%
Fidschi
32%
Burundi
31%
Südsudan
31%
Dominica
29%
Dschibuti
29%
Guyana
29%
Suriname
29%
Nauru
28%
Sierra Leone
28%
Simbabwe
28%
Antigua und Barbuda
27%
Guinea-Bissau
27%
Mauritius
27%
Ruanda
27%
Samoa
27%
St. Kitts und Nevis
27%
Äquatorial-Guinea
25%
Föderierte Staaten von Mikronesien
25%
Komoren
25%
Grenada
23%
Salomonen
22%
St. Vincent und die Grenadinen
22%
Marshallinseln
21%
Kap Verde
20%
Malediven
20%
Vanuatu
20%
Kiribati
18%
Tuvalu
18%
Tonga
17%
São Tomé und Príncipe
16%
Keine übereinstimmenden Quizze gefunden
Verteilung der Resultate
Anzahl Personen mit jedem Resultat
Perzentil nach korrekt beantworteten Fragen
Ihre Resultats-Entwicklung
Sie haben dieses Quiz noch nicht gespielt